00482nam a2200169 a 450000100060000000300090000600800410001502000150005604000280007108200170009910000200011624500560013626000330019230000100022549000410023565000360027623289CO-ViMGA141112s2004 ck r 000 u spa d a9582303893 aCO-ViMGAbspacCO-ViMGA04a940.27 B374e1 aBergeron, Louis10aLa Época de las revoluciones europeas 1780 - 1848 aMéxico : bSiglo veintiuno a542p. aHistoria Universal siglo XXI; v. 2614aEUROPA - HISTORIA - 1789 - 1900